| 000 | 00533nam a22001937a 4500 | ||
|---|---|---|---|
| 003 | OSt | ||
| 005 | 20240611114459.0 | ||
| 008 | 240611b |||||||| |||| 00| 0 eng d | ||
| 022 | _20198535864 | ||
| 040 | _cMUST | ||
| 082 |
_a512 _bDIE 1992 |
||
| 100 |
_aDiers, Yves _917028 |
||
| 245 |
_aCategories of commutative algebras / _cYves Diers |
||
| 260 |
_aOxford _bClarendon Press _c1992 |
||
| 300 |
_aix, 271p.; _bill : _c23 cm. |
||
| 504 | _a Includes bibliographical references and index | ||
| 650 | _2Algebra | ||
| 942 |
_2ddc _cO_SHELF |
||
| 999 |
_c8372 _d8372 |
||